[Event "Tambov Korensky Memorial 29th"]
[Site "Tambov"]
[Date "2020.09.04"]
[Round "7"]
[White "Bakhteev, Bakhtiyar"]
[Black "Korensky, Sergey"]
[Result "1/2-1/2"]
[WhiteElo "1893"]
[BlackElo "2029"]
[PlyCount "119"]
[EventDate "2020.08.29"]
[EventType "swiss"]
[EventRounds "9"]
[EventCountry "RUS"]
[SourceTitle "EXT 2021"]
[Source "ChessBase"]
[SourceDate "2020.10.23"]
[SourceVersion "1"]
[SourceVersionDate "2020.10.23"]
[SourceQuality "1"]

1. e4 c5 2. Nf3 Nc6 3. Bb5 e5 4. Bxc6 dxc6 5. 0-0 Bd6 6. h3 Ne7 7. d3 0-0 8. Be3 Ng6 9. Nbd2 Qe7 10. Nc4 Bc7 11. a4 h6 12. Qd2 b6 13. Qc3 a5 14. Rad1 f5 15. exf5 Bxf5 16. Ncd2 Be6 17. Rde1 Rad8 18. Re2 Qd7 19. Nh2 Nh4 20. g3 Nf5 21. Ndf3 Nd4 22. Bxd4 exd4 23. Qd2 Bd5 24. Re4 Bxe4 25. dxe4 Qxh3 26. e5 Qe6 27. Re1 Qd5 28. Qe2 d3 29. cxd3 Qxd3 30. Kg2 Rfe8 31. Nf1 Qxe2 32. Rxe2 b5 33. N1d2 c4 34. axb5 cxb5 35. Nb1 Rd3 36. Nc3 Rxf3 37. Kxf3 Rxe5 38. Rd2 a4 39. Rd7 Ba5 40. Nd5 a3 41. bxa3 c3 42. Nb4 Rc5 43. Nc2 Bb6 44. Rd3 Rc4 45. Rd5 Bc5 46. Rd8+ Kf7 47. Rb8 Ra4 48. Rxb5 Bxa3 49. Nxa3 Rxa3 50. Rc5 c2+ 51. Ke4 Ra4+ 52. Kd3 Ra3+ 53. Kd2 Ra2 54. Rxc2 Rxc2+ 55. Kxc2 Ke6 56. Kd3 Kf5 57. f3 h5 58. Ke3 g5 59. Kf2 h4 60. gxh4 1/2-1/2

[Event "Tambov Korensky Memorial 29th"]
[Site "Tambov"]
[Date "2020.08.29"]
[Round "1"]
[White "Bakhteev, Bakhtiyar"]
[Black "Maneluk, Daniil"]
[Result "0-1"]
[WhiteElo "1893"]
[BlackElo "2269"]
[PlyCount "74"]
[EventDate "2020.08.29"]
[EventType "swiss"]
[EventRounds "9"]
[EventCountry "RUS"]
[SourceTitle "EXT 2021"]
[Source "ChessBase"]
[SourceDate "2020.10.23"]
[SourceVersion "1"]
[SourceVersionDate "2020.10.23"]
[SourceQuality "1"]

1. e4 e6 2. d4 d5 3. Nc3 Bb4 4. exd5 exd5 5. Bb5+ Bd7 6. Bxd7+ Qxd7 7. Nf3 Nc6 8. 0-0 Nge7 9. a3 Bd6 10. Re1 0-0-0 11. b4 f6 12. Qd3 g5 13. Bd2 Ng6 14. Nxd5 Bxh2+ 15. Nxh2 Qxd5 16. c3 Nh4 17. Qe4 h5 18. Qxd5 Rxd5 19. Re6 Rd6 20. Rxd6 cxd6 21. Re1 Kd7 22. g3 Nf5 23. g4 Nh4 24. gxh5 Rxh5 25. f4 gxf4 26. Bxf4 b5 27. Re2 Ne7 28. Ng4 Nd5 29. Bd2 f5 30. Nh2 Rh8 31. Rf2 Rg8+ 32. Kf1 Rg3 33. Ke2 Nxc3+ 34. Bxc3 Rxc3 35. Nf3 Nxf3 36. Rxf3 Rxf3 37. Kxf3 Ke6 0-1

[Event "Tambov Region-ch"]
[Site "Tambov"]
[Date "2019.11.03"]
[Round "9"]
[White "Pishchalnikov, Roman A"]
[Black "Bakhteev, Bakhtiyar"]
[Result "1/2-1/2"]
[WhiteElo "1802"]
[BlackElo "1889"]
[PlyCount "48"]
[EventDate "2019.10.30"]
[EventType "tourn"]
[EventRounds "9"]
[EventCountry "RUS"]
[SourceTitle "CBM 192 Extra"]
[Source "Chessbase"]
[SourceDate "2019.11.06"]
[SourceVersion "1"]
[SourceVersionDate "2019.11.06"]
[SourceQuality "1"]

1. d4 d5 2. c4 c6 3. Nf3 Nf6 4. cxd5 cxd5 5. Bf4 Nc6 6. Nc3 Qb6 7. Na4 Qb4+ 8. Bd2 Qd6 9. g3 Ne4 10. Bg2 e6 11. Nc3 Nxd2 12. Qxd2 a6 13. 0-0 Be7 14. e4 dxe4 15. Nxe4 Qb4 16. Qxb4 Nxb4 17. Rfd1 f6 18. a3 Nd5 19. Rac1 Bd7 20. Nc5 Bxc5 21. dxc5 Bc6 22. Nd4 Kf7 23. Nf5 exf5 24. Bxd5+ Bxd5 1/2-1/2

[Event "Tambov Region-ch"]
[Site "Tambov"]
[Date "2019.11.02"]
[Round "7"]
[White "Bakhteev, Bakhtiyar"]
[Black "Streltsov, Oleg V"]
[Result "1-0"]
[WhiteElo "1889"]
[BlackElo "1620"]
[PlyCount "47"]
[EventDate "2019.10.30"]
[EventType "tourn"]
[EventRounds "9"]
[EventCountry "RUS"]
[SourceTitle "CBM 192 Extra"]
[Source "Chessbase"]
[SourceDate "2019.11.06"]
[SourceVersion "1"]
[SourceVersionDate "2019.11.06"]
[SourceQuality "1"]

1. e4 e5 2. Nf3 d6 3. Nc3 Nc6 4. Bb5 Bg4 5. h3 Bxf3 6. Qxf3 Qf6 7. Qe2 Nge7 8. Nd5 Qg6 9. Nxc7+ Kd7 10. Nxa8 Kc8 11. 0-0 Kb8 12. c3 Kxa8 13. a4 d5 14. exd5 Nxd5 15. Qf3 e4 16. Qg4 f5 17. Qxg6 hxg6 18. d3 Ne5 19. dxe4 fxe4 20. Rd1 Nd3 21. Bxd3 exd3 22. Rxd3 Rh5 23. g4 Re5 24. Bf4 1-0

[Event "Tambov Region-ch"]
[Site "Tambov"]
[Date "2019.11.02"]
[Round "8"]
[White "Bakhteev, Bakhtiyar"]
[Black "Voynov, Aleksey S"]
[Result "1-0"]
[WhiteElo "1889"]
[BlackElo "1643"]
[PlyCount "49"]
[EventDate "2019.10.30"]
[EventType "tourn"]
[EventRounds "9"]
[EventCountry "RUS"]
[SourceTitle "CBM 192 Extra"]
[Source "Chessbase"]
[SourceDate "2019.11.06"]
[SourceVersion "1"]
[SourceVersionDate "2019.11.06"]
[SourceQuality "1"]

1. e4 e6 2. d4 d5 3. Nc3 c5 4. exd5 exd5 5. Nf3 Nf6 6. Bg5 Qb6 7. Bxf6 Qxf6 8. Nxd5 Qe6+ 9. Qe2 Kd8 10. Qxe6 Bxe6 11. Nf4 Bf5 12. 0-0-0 Nd7 13. Bb5 Kc7 14. Nd5+ Kc8 15. Ne5 Nxe5 16. dxe5 a6 17. Nb6+ Kb8 18. Nxa8 axb5 19. Rd8+ Ka7 20. Rhd1 g6 21. Nc7 Bh6+ 22. Kb1 Rxd8 23. Rxd8 Kb6 24. Nd5+ Kc6 25. Rd6# 1-0

[Event "Tambov Region-ch"]
[Site "Tambov"]
[Date "2019.10.30"]
[Round "1"]
[White "Bakhteev, Bakhtiyar"]
[Black "Popov, Tikhon1111"]
[Result "0-1"]
[WhiteElo "1889"]
[BlackElo "1608"]
[PlyCount "92"]
[EventDate "2019.10.30"]
[EventType "tourn"]
[EventRounds "9"]
[EventCountry "RUS"]
[SourceTitle "CBM 192 Extra"]
[Source "Chessbase"]
[SourceDate "2019.11.06"]
[SourceVersion "1"]
[SourceVersionDate "2019.11.06"]
[SourceQuality "1"]

1. e4 d5 2. exd5 Nf6 3. Nf3 Qxd5 4. Nc3 Qa5 5. d4 c6 6. Bc4 e6 7. 0-0 Be7 8. Bd2 Qc7 9. Qe2 0-0 10. Rad1 Rd8 11. a4 a5 12. Bg5 b6 13. Ne5 Nd5 14. Bxd5 exd5 15. Bxe7 Qxe7 16. Qf3 Be6 17. Ne2 f6 18. Nd3 Qd7 19. h3 Bf5 20. Ng3 Bxd3 21. Rxd3 Na6 22. Re1 Re8 23. Rde3 Rxe3 24. Rxe3 Re8 25. c3 Rxe3 26. Qxe3 Nc7 27. Ne2 Qe6 28. Ng3 Qxe3 29. fxe3 g6 30. e4 Kf7 31. Kf2 Ke6 32. Ke3 dxe4 33. Kxe4 Nd5 34. Ne2 f5+ 35. Kd3 g5 36. g3 Nf6 37. Ke3 b5 38. axb5 cxb5 39. b3 a4 40. bxa4 bxa4 41. g4 f4+ 42. Kf3 a3 43. Nc1 Kd5 44. h4 h6 45. hxg5 hxg5 46. Nd3 Kc4 0-1

[Event "Tambov Korensky Memorial 28th"]
[Site "Tambov"]
[Date "2019.08.28"]
[Round "5"]
[White "Bakhteev, Bakhtiyar"]
[Black "Shvadchenko, Grigory F"]
[Result "1-0"]
[WhiteElo "1845"]
[BlackElo "1905"]
[PlyCount "126"]
[EventDate "2019.08.24"]
[EventType "swiss"]
[EventRounds "9"]
[EventCountry "RUS"]
[SourceTitle "EXT 2020"]
[Source "ChessBase"]
[SourceDate "2019.10.17"]
[SourceVersion "1"]
[SourceVersionDate "2019.10.17"]
[SourceQuality "1"]

1. e4 c5 2. Nf3 Nc6 3. d4 cxd4 4. Nxd4 Nf6 5. Nc3 e5 6. Ndb5 d6 7. Nd5 Nxd5 8. exd5 Nb8 9. a4 a6 10. Na3 Be7 11. Nc4 b6 12. a5 Nd7 13. Be3 b5 14. Bb6 Nxb6 15. Nxb6 Rb8 16. c4 bxc4 17. Bxc4 0-0 18. Qe2 f5 19. Bxa6 Bxa6 20. Qxa6 e4 21. 0-0 Bf6 22. Rab1 Bd4 23. Nc4 Bc5 24. Rfe1 Rf7 25. Rec1 f4 26. Kh1 Ra7 27. Qc6 Rc7 28. Qa4 Bxf2 29. b4 Rf7 30. Qc2 e3 31. Qe2 Rf6 32. Rf1 Qc8 33. b5 Qf5 34. Rbd1 Qe4 35. Rxf2 Rxb5 36. Rff1 Rc5 37. Rc1 Qxd5 38. a6 Qc6 39. a7 Rf8 40. Na5 Qa8 41. Rxc5 dxc5 42. Qc4+ Kh8 43. Rxf4 Re8 44. Qe2 Qxa7 45. Qxe3 Ra8 46. Qe1 h6 47. Nc4 Qb8 48. Rf1 Ra6 49. Ne5 Rf6 50. Rxf6 gxf6 51. Ng4 Qf4 52. h3 c4 53. Qe8+ Kg7 54. Qe7+ Kg6 55. Qe1 h5 56. Ne3 Qe4 57. Qg3+ Kh6 58. Qf3 Qb1+ 59. Kh2 Qb8+ 60. Qg3 Qc8 61. Qf4+ Kg6 62. Nxc4 Qc6 63. Ne3 Qe6 1-0

[Event "Tambov Korensky Memorial 27th"]
[Site "Tambov"]
[Date "2018.08.13"]
[Round "3"]
[White "Maneluk, Daniil"]
[Black "Bakhteev, Bakhtiyar"]
[Result "1-0"]
[WhiteElo "2156"]
[BlackElo "1880"]
[PlyCount "60"]
[EventDate "2018.08.11"]
[EventType "swiss"]
[EventRounds "9"]
[EventCountry "RUS"]
[SourceTitle "CBM 186 Extra"]
[Source "ChessBase"]
[SourceDate "2018.08.24"]
[SourceVersion "1"]
[SourceVersionDate "2018.08.24"]
[SourceQuality "1"]

1. e4 c5 2. Nf3 d6 3. d4 cxd4 4. Nxd4 Nf6 5. Nc3 a6 6. f3 e6 7. Be3 Be7 8. Qd2 Nc6 9. 0-0-0 0-0 10. g4 Nxd4 11. Bxd4 b5 12. h4 Qc7 13. h5 Nd7 14. g5 Ne5 15. Qg2 Rb8 16. f4 Nc4 17. Bxc4 bxc4 18. f5 exf5 19. Nd5 Qd8 20. Bf6 Re8 21. Bxe7 Rxe7 22. Nxe7+ Qxe7 23. Qg3 Rb6 24. exf5 Bxf5 25. Rhe1 Be6 26. h6 d5 27. Rxd5 Qf8 28. Rd2 Rb5 29. Red1 c3 30. Qxc3 Rb8 1-0

[Event "Tambov Region-ch"]
[Site "Tambov"]
[Date "2018.02.22"]
[Round "3"]
[White "Bakhteev, Bakhtiyar"]
[Black "Osipov, Vladimir N"]
[Result "1-0"]
[WhiteElo "1868"]
[BlackElo "1726"]
[PlyCount "85"]
[EventDate "2018.02.21"]
[EventType "swiss"]
[EventRounds "9"]
[EventCountry "RUS"]
[SourceTitle "CBM 183 Extra"]
[Source "ChessBase"]
[SourceDate "2018.04.19"]
[SourceVersion "1"]
[SourceVersionDate "2018.04.19"]
[SourceQuality "1"]

1. e4 c5 2. Nf3 Nc6 3. Bb5 a6 4. Bxc6 dxc6 5. b3 Bg4 6. Nc3 Nf6 7. 0-0 g6 8. h3 Bh5 9. g4 Nxg4 10. hxg4 Bxg4 11. Qe2 Qd7 12. Qe3 Bh3 13. Ne5 Qe6 14. Re1 Bg7 15. Nd3 Bd4 16. Qg3 g5 17. Rb1 h5 18. Ne2 Bf6 19. Nxc5 Qc8 20. d4 h4 21. Qf3 Bg4 22. Qe3 h3 23. Kh2 e5 24. dxe5 Bxe5+ 25. Ng3 Bf4 26. Qd4 0-0 27. Qf6 Qd8 28. Qc3 b6 29. Nd3 Qc7 30. Qf6 Bxc1 31. Rbxc1 Qd8 32. Qxd8 Raxd8 33. Ne5 f5 34. exf5 Bxf5 35. Nxc6 Rd2 36. Ne7+ Kf7 37. Nexf5 Rxf2+ 38. Kh1 Rd8 39. Rf1 Rdd2 40. Rxf2 Rxf2 41. Rf1 Rd2 42. Ne4 Rd8 43. Nxg5+ 1-0

[Event "Tambov Region-ch"]
[Site "Tambov"]
[Date "2018.02.21"]
[Round "6"]
[White "Alpatsky, Sergey"]
[Black "Bakhteev, Bakhtiyar"]
[Result "1/2-1/2"]
[WhiteElo "1865"]
[BlackElo "1868"]
[PlyCount "82"]
[EventDate "2018.02.21"]
[EventType "swiss"]
[EventRounds "9"]
[EventCountry "RUS"]
[SourceTitle "CBM 183 Extra"]
[Source "ChessBase"]
[SourceDate "2018.04.19"]
[SourceVersion "1"]
[SourceVersionDate "2018.04.19"]
[SourceQuality "1"]

1. d4 Nf6 2. c4 g6 3. Nc3 Bg7 4. e4 d6 5. f3 0-0 6. Be3 e5 7. d5 Nh5 8. g4 Nf4 9. h4 f5 10. gxf5 gxf5 11. Bxf4 exf4 12. Bd3 Na6 13. Nge2 Nc5 14. Bc2 fxe4 15. Nxe4 Nxe4 16. Bxe4 Bxb2 17. Bxh7+ Kh8 18. Rb1 Kxh7 19. Rxb2 Qf6 20. Qd4 b6 21. Qxf6 Rxf6 22. Kd2 Ba6 23. Rc2 Rg8 24. Rh2 Rf7 25. a4 Bb7 26. Nd4 Bc8 27. Kc3 Rg1 28. Kb2 a5 29. Rce2 Bd7 30. Ne6 Bxe6 31. dxe6 Re7 32. Re4 Rg6 33. Rhe2 Rf6 34. Kc3 Kh6 35. Kd4 Kh5 36. Kd5 Rf5+ 37. Kc6 Kxh4 38. Rg2 Rc5+ 39. Kb7 Re5 40. Rxf4+ Kh3 41. Rfg4 R5xe6 1/2-1/2

[Event "Tambov Korensky Memorial 26th"]
[Site "Tambov"]
[Date "2017.08.27"]
[Round "9"]
[White "Bakhteev, Bakhtiyar"]
[Black "Shcherbakov, Nikolay"]
[Result "1/2-1/2"]
[WhiteElo "1824"]
[BlackElo "1843"]
[PlyCount "130"]
[EventDate "2017.08.19"]
[EventType "swiss"]
[EventRounds "9"]
[EventCountry "RUS"]
[SourceTitle "CBM 180 Extra"]
[Source "ChessBase"]
[SourceDate "2017.10.06"]
[SourceVersion "1"]
[SourceVersionDate "2017.10.06"]
[SourceQuality "1"]

1. e4 e6 2. d3 Nc6 3. Nf3 Be7 4. g3 Nf6 5. Bg2 0-0 6. 0-0 e5 7. Nbd2 d6 8. Re1 Bg4 9. c3 Rb8 10. Nf1 Re8 11. Ne3 Bd7 12. Nd2 Qc8 13. Kh1 Ng4 14. Qe2 Bg5 15. Ndf1 Nxe3 16. Bxe3 Be7 17. Nd2 Bg4 18. f3 Bh3 19. Rg1 Bxg2+ 20. Rxg2 Qe6 21. f4 f5 22. exf5 Qxf5 23. g4 Qf7 24. f5 d5 25. Bg1 Bg5 26. Nf3 Bf4 27. Nh4 Ne7 28. Bc5 b6 29. Be3 g5 30. Nf3 h6 31. Bxf4 exf4 32. Ne5 Qg7 33. Re1 Rbd8 34. Qf1 Nxf5 35. Nc6 Ne3 36. Nxd8 Rxd8 37. Rxe3 fxe3 38. Qf3 Qe5 39. Re2 Re8 40. d4 Qe6 41. h3 Kg7 42. Kg2 c6 43. a3 c5 44. Kg3 Re7 45. Kg2 cxd4 46. cxd4 Qe4 47. Qxe4 Rxe4 48. Kf3 Rxd4 49. Rxe3 Kf7 50. Ke2 Kf6 51. Rf3+ Rf4 52. Rc3 Re4+ 53. Kd3 Ke5 54. Rc6 h5 55. Rg6 hxg4 56. Rxg5+ Ke6 57. hxg4 Kd6 58. Rg7 a5 59. g5 Rg4 60. g6 Kc6 61. Rg8 Kc7 62. g7 Kb7 63. Rd8 Rxg7 64. Rxd5 Rg4 65. Rh5 Rf4 1/2-1/2

[Event "Tambov Korensky Memorial 26th"]
[Site "Tambov"]
[Date "2017.08.25"]
[Round "7"]
[White "Bakhteev, Bakhtiyar"]
[Black "Pishchalnikov, Roman A"]
[Result "0-1"]
[WhiteElo "1824"]
[BlackElo "1797"]
[PlyCount "122"]
[EventDate "2017.08.19"]
[EventType "swiss"]
[EventRounds "9"]
[EventCountry "RUS"]
[SourceTitle "CBM 180 Extra"]
[Source "ChessBase"]
[SourceDate "2017.10.06"]
[SourceVersion "1"]
[SourceVersionDate "2017.10.06"]
[SourceQuality "1"]

1. e4 c5 2. Nc3 Nc6 3. g3 g6 4. Bg2 Bg7 5. Nge2 d6 6. d3 Nf6 7. h3 0-0 8. f4 e6 9. Be3 Qa5 10. 0-0 Bd7 11. g4 Ne8 12. Bd2 Qd8 13. Ng3 Nd4 14. Kh2 b5 15. Qc1 Rc8 16. Nd1 Nc7 17. Ne3 b4 18. c3 bxc3 19. bxc3 Nc6 20. Rb1 Rb8 21. Rxb8 Qxb8 22. f5 exf5 23. gxf5 Ne5 24. Qc2 Qe8 25. d4 Ba4 26. Qb1 Nc6 27. f6 Bh6 28. Qe1 cxd4 29. cxd4 Bb5 30. Rf2 Nxd4 31. Ng4 Bxd2 32. Qxd2 Nce6 33. h4 Kh8 34. Qb4 h5 35. Ne3 Qd7 36. Rd2 a5 37. Qxa5 Qd8 38. Qxd8 Rxd8 39. Nd5 Ra8 40. Nb6 Rb8 41. Nd5 Bc4 42. Nc3 Ra8 43. Kg1 Ra3 44. Nge2 Nxe2+ 45. Nxe2 Rxa2 46. Rxa2 Bxa2 47. Nc3 Bc4 48. Kf2 Nc5 49. Bh3 Be6 50. Bg2 Nd7 51. Nb5 Nxf6 52. Nxd6 Kg7 53. Ke3 Ng4+ 54. Kf4 Nf2 55. Ke3 Nd1+ 56. Kf4 Nb2 57. Bf1 Na4 58. Bb5 Nc5 59. Bc6 Nd3+ 60. Ke3 Ne5 61. Kf4 Nxc6 0-1

[Event "Tambov First league of Region"]
[Site "Tambov"]
[Date "2016.10.28"]
[Round "7.1"]
[White "Alpatsky, Sergey"]
[Black "Bakhteev, Bakhtiyar"]
[Result "1-0"]
[WhiteElo "1891"]
[BlackElo "1840"]
[PlyCount "37"]
[EventDate "2016.10.22"]
[EventType "tourn"]
[EventRounds "9"]
[EventCountry "RUS"]
[SourceTitle "EXT 2022"]
[Source "ChessBase"]
[SourceDate "2021.10.06"]
[SourceVersion "1"]
[SourceVersionDate "2021.10.06"]
[SourceQuality "1"]

1. d4 Nf6 2. Bg5 Ne4 3. Bf4 d5 4. e3 e6 5. Bd3 Nf6 6. c3 Be7 7. Nd2 0-0 8. Rc1 c5 9. Bb1 Nc6 10. Ngf3 Qb6 11. Qc2 Bd7 12. Ne5 g6 13. h4 cxd4 14. exd4 Nxe5 15. Bxe5 Ng4 16. Nf3 Rac8 17. h5 a5 18. hxg6 f6 19. g7 1-0

[Event "Tambov First league of Region"]
[Site "Tambov"]
[Date "2016.10.26"]
[Round "5.1"]
[White "Lomakina, Galja"]
[Black "Bakhteev, Bakhtiyar"]
[Result "1/2-1/2"]
[WhiteElo "1967"]
[BlackElo "1840"]
[PlyCount "38"]
[EventDate "2016.10.22"]
[EventType "tourn"]
[EventRounds "9"]
[EventCountry "RUS"]
[SourceTitle "EXT 2022"]
[Source "ChessBase"]
[SourceDate "2021.10.06"]
[SourceVersion "1"]
[SourceVersionDate "2021.10.06"]
[SourceQuality "1"]

1. e4 e5 2. Nf3 Nc6 3. Bb5 Nf6 4. d4 Nxd4 5. Nxd4 exd4 6. e5 c6 7. 0-0 cxb5 8. Bg5 Be7 9. exf6 Bxf6 10. Re1+ Kf8 11. Bxf6 Qxf6 12. c3 d5 13. cxd4 Be6 14. Nc3 a6 15. Re5 Rd8 16. Qb3 Qe7 17. Rae1 g5 18. Qd1 Qf6 19. R1e3 Kg7 1/2-1/2

[Event "Tambov Korensky Memorial 25th"]
[Site "Tambov"]
[Date "2016.08.27"]
[Round "8"]
[White "Vlasov, Valery"]
[Black "Bakhteev, Bakhtiyar"]
[Result "1-0"]
[WhiteElo "1921"]
[BlackElo "1786"]
[PlyCount "91"]
[EventDate "2016.08.20"]
[EventType "swiss"]
[EventRounds "9"]
[EventCountry "RUS"]
[SourceTitle "CBM 174 Extra"]
[Source "ChessBase"]
[SourceDate "2016.10.10"]
[SourceVersion "1"]
[SourceVersionDate "2016.10.10"]
[SourceQuality "1"]

1. e4 c5 2. Nf3 Nc6 3. d4 cxd4 4. Nxd4 Nf6 5. Nc3 e5 6. Ndb5 d6 7. Bg5 a6 8. Na3 b5 9. Nd5 Qa5+ 10. Bd2 Qd8 11. Nxf6+ gxf6 12. c4 b4 13. Nc2 a5 14. Qh5 Rb8 15. b3 Ra8 16. Be2 Ne7 17. Bd3 Ng6 18. 0-0 Bg7 19. g3 Nf8 20. Ne3 Ne6 21. Nf5 Bf8 22. Be3 Ng7 23. Nxg7+ Bxg7 24. f4 Qd7 25. fxe5 fxe5 26. c5 0-0 27. Bc4 Ba6 28. Bxa6 Rxa6 29. Rad1 Qc7 30. Rd5 dxc5 31. Bxc5 Re8 32. Rfd1 Rg6 33. Qe2 Bf8 34. Be3 Bg7 35. Rc1 Rc6 36. Rdc5 Rxc5 37. Rxc5 Qb7 38. Qb5 Qa8 39. Qc4 a4 40. Rc7 Kh8 41. Qxf7 Rg8 42. Bh6 Qf8 43. Bxg7+ Qxg7 44. Qxg7+ Rxg7 45. Rxg7 Kxg7 46. bxa4 1-0

[Event "Tambov Korensky Memorial 25th"]
[Site "Tambov"]
[Date "2016.08.20"]
[Round "1"]
[White "Bakhteev, Bakhtiyar"]
[Black "Geranichev, Mikhail"]
[Result "0-1"]
[WhiteElo "1786"]
[BlackElo "2051"]
[PlyCount "72"]
[EventDate "2016.08.20"]
[EventType "swiss"]
[EventRounds "9"]
[EventCountry "RUS"]
[SourceTitle "CBM 174 Extra"]
[Source "ChessBase"]
[SourceDate "2016.10.10"]
[SourceVersion "1"]
[SourceVersionDate "2016.10.10"]
[SourceQuality "1"]

1. e4 e5 2. Nc3 Nc6 3. Nf3 Nf6 4. d4 exd4 5. Nxd4 Bb4 6. Nxc6 bxc6 7. Bd3 d5 8. exd5 cxd5 9. Bd2 0-0 10. 0-0 Bg4 11. f3 Bh5 12. Re1 c6 13. Kh1 Bd6 14. g3 Qc7 15. Kg2 Rfe8 16. Ne2 Nd7 17. Nf4 Bg6 18. Bxg6 hxg6 19. Nd3 Ne5 20. Bc3 Nc4 21. Qc1 Qb6 22. a4 a5 23. b3 Ne3+ 24. Kh1 d4 25. Bd2 Nd5 26. Nb2 Qc7 27. Nc4 Bxg3 28. Rxe8+ Rxe8 29. hxg3 Qxg3 30. Qf1 Qh4+ 31. Kg1 Ne3 32. Nxe3 dxe3 33. Be1 Qf6 34. Rc1 e2 35. Qg2 Qd4+ 36. Kh2 Qf4+ 0-1

[Event "Tambov Region-ch"]
[Site "Tambov"]
[Date "2015.10.30"]
[Round "5"]
[White "Bakhteev, Bakhtiyar"]
[Black "Shvadchenko, Grigory F"]
[Result "1/2-1/2"]
[WhiteElo "1813"]
[BlackElo "1945"]
[PlyCount "116"]
[EventDate "2015.10.28"]
[EventType "tourn"]
[EventRounds "9"]
[EventCountry "RUS"]
[SourceTitle "CBM 169 Extra"]
[Source "ChessBase"]
[SourceDate "2015.12.18"]
[SourceVersion "1"]
[SourceVersionDate "2015.12.18"]
[SourceQuality "1"]

1. e4 c5 2. c3 Nc6 3. d4 cxd4 4. cxd4 d6 5. Nc3 a6 6. Nf3 Bg4 7. Be2 g6 8. d5 Bxf3 9. Bxf3 Ne5 10. Be2 Bg7 11. Be3 Nf6 12. 0-0 0-0 13. Rc1 Rc8 14. f3 b5 15. b3 h5 16. Rc2 Qc7 17. Qd2 b4 18. Bxa6 bxc3 19. Bxc8 Rxc8 20. Qf2 Nd3 21. Qe2 Nb4 22. Rcc1 c2 23. Rf2 Nxa2 24. Rxc2 Nc3 25. Qd3 Nd7 26. Bd4 Bxd4 27. Qxd4 Qb6 28. Qxb6 Nxb6 29. Rf1 Kf8 30. Ra1 Rc7 31. Ra6 Nc8 32. Ra8 Ke8 33. Rb8 Kd7 34. Rb2 Nd1 35. Rb1 Nc3 36. Rb2 e6 37. dxe6+ fxe6 38. Kf1 d5 39. exd5 exd5 40. Ke1 Kd6 41. Kd2 d4 42. Kd3 Kd5 43. Rb4 Ke5 44. Rxd4 Nd6 45. Rd2 Rc5 46. Rc2 Ndb5 47. Rd7 Rd5+ 48. Rxd5+ Nxd5 49. Rc5 Nd6 50. f4+ Ke6 51. g3 h4 52. Ra5 hxg3 53. hxg3 Nb4+ 54. Kc3 Nc6 55. Ra6 Kd5 56. Rxc6 Kxc6 57. Kd4 Nf5+ 58. Ke5 Nxg3 1/2-1/2

[Event "Tambov Region-ch"]
[Site "Tambov"]
[Date "2015.10.30"]
[Round "6"]
[White "Geranichev, Mikhail"]
[Black "Bakhteev, Bakhtiyar"]
[Result "1-0"]
[WhiteElo "2005"]
[BlackElo "1813"]
[PlyCount "127"]
[EventDate "2015.10.28"]
[EventType "tourn"]
[EventRounds "9"]
[EventCountry "RUS"]
[SourceTitle "CBM 169 Extra"]
[Source "ChessBase"]
[SourceDate "2015.12.18"]
[SourceVersion "1"]
[SourceVersionDate "2015.12.18"]
[SourceQuality "1"]

1. d4 Nf6 2. Nf3 d5 3. c4 c6 4. cxd5 cxd5 5. Nc3 Bg4 6. Ne5 Bd7 7. g3 Nc6 8. Bg2 e6 9. 0-0 Qb6 10. Nxd7 Nxd7 11. e4 dxe4 12. d5 Nd4 13. dxe6 Nxe6 14. Nxe4 Rd8 15. Qa4 Qd4 16. Qb5 Qb4 17. Nc3 Qxb5 18. Nxb5 a6 19. Nc3 b6 20. Re1 Bc5 21. Ne4 Bb4 22. Rd1 0-0 23. Be3 Be7 24. a3 a5 25. Rac1 Nec5 26. Nxc5 Bxc5 27. Bxc5 Nxc5 28. Bd5 Rfe8 29. b4 axb4 30. axb4 Na6 31. Bc6 Rf8 32. b5 Nc5 33. Kg2 g6 34. Rxd8 Rxd8 35. Rc2 Kg7 36. Re2 Kf8 37. f4 Ne6 38. Ra2 Nc5 39. Kh3 Kg7 40. Ra7 Kf6 41. Ra6 Rb8 42. g4 h6 43. Bd5 Ne6 44. Kg3 Nc7 45. Bc6 Ne6 46. Ra7 Nc5 47. Bd5 Rf8 48. Rc7 Kg7 49. Kf3 Kg8 50. h4 Kg7 51. Bc4 Kg8 52. Rc6 Na4 53. Rxg6+ Kh7 54. Rf6 Kg7 55. g5 hxg5 56. fxg5 Nb2 57. Bd5 Nd3 58. h5 Ne5+ 59. Kg3 Rd8 60. h6+ Kg8 61. Be4 Rd4 62. Kf4 Nc4 63. h7+ Kg7 64. Rxf7+ 1-0

[Event "Tambov Korensky Memorial 24th"]
[Site "Tambov"]
[Date "2015.08.27"]
[Round "6"]
[White "Shvadchenko, Grigory F"]
[Black "Bakhteev, Bakhtiyar"]
[Result "1-0"]
[WhiteElo "1922"]
[BlackElo "1806"]
[PlyCount "91"]
[EventDate "2015.08.22"]
[EventType "swiss"]
[EventRounds "9"]
[EventCountry "RUS"]
[SourceTitle "EXT 2016"]
[Source "ChessBase"]
[SourceDate "2015.10.08"]
[SourceVersion "1"]
[SourceVersionDate "2015.10.08"]
[SourceQuality "1"]

1. d4 Nf6 2. c4 e6 3. Nf3 b6 4. g3 Bb7 5. Bg2 c5 6. e3 cxd4 7. exd4 d5 8. 0-0 Be7 9. Ne5 0-0 10. Nc3 Na6 11. Qe2 Nc7 12. h4 Rb8 13. Bf4 Rc8 14. a3 Ba8 15. Rfe1 dxc4 16. Bxa8 Rxa8 17. Nc6 Qd7 18. Qxc4 Ncd5 19. Nxe7+ Nxe7 20. Rad1 Ned5 21. Be5 Nxc3 22. Qxc3 Nd5 23. Qf3 Rac8 24. h5 f6 25. Bf4 Nxf4 26. Qxf4 Qd5 27. Rd2 Qxh5 28. Rde2 Qb5 29. b4 Qa6 30. Rxe6 Qxa3 31. Re7 Qc3 32. Qg4 Rf7 33. Re8+ Rf8 34. Qe6+ Kh8 35. Qd7 Rg8 36. R1e7 Rcxe8 37. Rxe8 Qc4 38. d5 h6 39. b5 Qd4 40. Rxg8+ Kxg8 41. Qe6+ Kf8 42. d6 Qe5 43. Qc8+ Kf7 44. Qb7+ Kf8 45. Qa8+ Kf7 46. d7 1-0

[Event "Tambov Korensky Memorial 24th"]
[Site "Tambov"]
[Date "2015.08.24"]
[Round "3"]
[White "Bakhteev, Bakhtiyar"]
[Black "Vlasov, Valery"]
[Result "1-0"]
[WhiteElo "1806"]
[BlackElo "1938"]
[PlyCount "113"]
[EventDate "2015.08.22"]
[EventType "swiss"]
[EventRounds "9"]
[EventCountry "RUS"]
[SourceTitle "EXT 2016"]
[Source "ChessBase"]
[SourceDate "2015.10.08"]
[SourceVersion "1"]
[SourceVersionDate "2015.10.08"]
[SourceQuality "1"]

1. e4 c5 2. Nc3 e6 3. g3 Nc6 4. Bg2 d6 5. Nge2 g6 6. 0-0 Bg7 7. d3 Nge7 8. h3 0-0 9. f4 Rb8 10. g4 d5 11. Ng3 d4 12. Nce2 f5 13. Kh2 b5 14. Ng1 Qc7 15. Nf3 e5 16. Nxe5 Nxe5 17. fxe5 Bxe5 18. Qf3 Bxg3+ 19. Qxg3 Qxg3+ 20. Kxg3 fxg4 21. Rxf8+ Kxf8 22. hxg4 Be6 23. a4 b4 24. b3 Kg7 25. Bg5 Nc6 26. Rf1 h6 27. Bf6+ Kg8 28. e5 Na5 29. Be7 Nxb3 30. cxb3 Bxb3 31. Bxc5 Bxa4 32. Bd5+ Kh8 33. Rf8+ Rxf8 34. Bxf8 a5 35. Bc5 Bb5 36. Be4 Kg7 37. Kf4 Bd7 38. Bd5 Bb5 39. Ke4 h5 40. g5 h4 41. e6 h3 42. e7 h2 43. Kxd4 Be8 44. Ke3 Bf7 45. Bh1 Be8 46. Kf2 Kf7 47. Bd5+ Kg7 48. Kg2 Bf7 49. Bxf7 Kxf7 50. Kxh2 b3 51. Ba3 a4 52. Kg3 b2 53. Bxb2 Kxe7 54. Kf4 Kd6 55. Ke4 Kc5 56. Ba3+ Kc6 57. Ke5 1-0